000 00409nam a2200157 i 4500
001 bg
100 1 _aKENDALL, Maurice G.
245 0 _aSłownik terminów statystycznych /
_cMaurice G. Kendall, Wiliam R. Buckland.
260 _aWarszawa,
_c1975.
700 1 _aBUCKLAND, Wiliam R.
040 _cBPK
041 _apol
080 _a311+519.2](03)
942 _cKS
008 s pl f |000 0 pol
999 _c6647
_d6647
856 _uhttp://koha.tu.koszalin.pl/cgi-bin/koha/opac-detail.pl?biblionumber=6647
_yKatalog online BPK